|
|
|
|
| LEADER |
02783nam a2200673 a 4500 |
| 001 |
nkc20122409575 |
| 003 |
CZ PrNK |
| 005 |
20190119235016.0 |
| 007 |
ta |
| 008 |
121017s2012 xr ac f p 000 0 cze |
| 015 |
|
|
|a cnb002409575
|
| 020 |
|
|
|a 978-80-247-3008-0
|q (brož.)
|
| 035 |
|
|
|a (OCoLC)817050693
|
| 040 |
|
|
|a ABA001
|b cze
|
| 072 |
|
7 |
|a 373.2/.3
|x Předškolní a primární výchova a vzdělávání
|2 Konspekt
|9 22
|
| 080 |
|
|
|a 373.2
|2 MRF
|
| 080 |
|
|
|a 316.346.32-053.4
|2 MRF
|
| 080 |
|
|
|a 612.789
|2 MRF
|
| 080 |
|
|
|a 159.946.3
|2 MRF
|
| 080 |
|
|
|a 616.89-008.434
|2 MRF
|
| 080 |
|
|
|a 81'24
|2 MRF
|
| 080 |
|
|
|a 316.77:81'42
|2 MRF
|
| 080 |
|
|
|a 376.1-056.264
|2 MRF
|
| 080 |
|
|
|a (048.8)
|2 MRF
|
| 100 |
1 |
|
|a Bytešníková, Ilona,
|d 1972-
|7 pna2007403789
|4 aut
|
| 245 |
1 |
0 |
|a Komunikace dětí předškolního věku /
|c Ilona Bytešníková
|
| 250 |
|
|
|a Vyd. 1.
|
| 260 |
|
|
|a Praha :
|b Grada,
|c 2012
|
| 300 |
|
|
|a 236 s. :
|b il., portréty ;
|c 21 cm
|
| 490 |
1 |
|
|a Pedagogika
|
| 504 |
|
|
|a Obsahuje bibliografii a bibliografické odkazy
|
| 650 |
0 |
7 |
|a předškolní výchova
|7 ph124887
|2 czenas
|
| 650 |
0 |
7 |
|a děti předškolního věku
|7 ph119710
|2 czenas
|
| 650 |
0 |
7 |
|a vývoj řeči
|7 ph127473
|2 czenas
|
| 650 |
0 |
7 |
|a poruchy řeči
|7 ph124391
|2 czenas
|
| 650 |
0 |
7 |
|a jazykové dovednosti
|7 ph213327
|2 czenas
|
| 650 |
0 |
7 |
|a komunikační dovednosti
|7 ph180925
|2 czenas
|
| 650 |
0 |
7 |
|a logopedie
|7 ph117229
|2 czenas
|
| 650 |
0 |
9 |
|a preschool education
|2 eczenas
|
| 650 |
0 |
9 |
|a preschool children
|2 eczenas
|
| 650 |
0 |
9 |
|a speech development
|2 eczenas
|
| 650 |
0 |
9 |
|a speech disorders
|2 eczenas
|
| 650 |
0 |
9 |
|a linguistics competences
|2 eczenas
|
| 650 |
0 |
9 |
|a communication skills
|2 eczenas
|
| 650 |
0 |
9 |
|a speech therapy
|2 eczenas
|
| 655 |
|
7 |
|a monografie
|7 fd132842
|2 czenas
|
| 655 |
|
9 |
|a monographs
|2 eczenas
|
| 830 |
|
0 |
|a Pedagogika (Grada)
|0 s
|
| 856 |
4 |
1 |
|u https://www.digitalniknihovna.cz/mzk/uuid/uuid:d5941fc0-eccf-11e8-a5a4-005056827e52
|y Digitalizovaný dokument
|x NDK
|
| 910 |
2 |
|
|a BOA001
|b 2-1291.523
|
| 990 |
|
|
|a BK
|
| 995 |
|
|
|a 01
|
| 991 |
|
|
|b 201211
|c NOV
|e n
|
| 996 |
6 |
|
|b 2610526060
|c 2-1291.523
|l MZK
|r Sklad / do 1 hodiny
|n 80
|p p.v.
|w 001291495
|u 000010
|a 1
|e BOA001
|j MZK50
|s P
|
| 996 |
7 |
|
|b 2610526679
|c 2-1291.523
|l Vol.výběr
|r VV 0p
|n 0
|p kup
|h 316.77 BYT
|w 001291495
|u 000020
|a 0
|e BOA001
|j MZK50
|s A
|
| 996 |
7 |
|
|b 2610526680
|c 2-1291.523
|l Vol.výběr
|r VV 0p
|n 63
|p kup
|h 316.77 BYT
|w 001291495
|u 000030
|a 0
|e BOA001
|j MZK50
|s A
|
| 996 |
7 |
|
|b 2610526681
|c 2-1291.523
|l Vol.výběr
|r VV 0p
|n 58
|p kup
|h 316.77 BYT
|w 001291495
|u 000040
|a 0
|e BOA001
|j MZK50
|s A
|
| 996 |
7 |
|
|b 2610570589
|c 2-1291.523
|l Vol.výběr
|r VV 0p
|n 46
|p kup
|h 316.77 BYT
|w 001291495
|u 000050
|a 0
|e BOA001
|j MZK50
|s A
|
| 996 |
7 |
|
|b 2610751937
|c 2-1291.523
|l Vol.výběr
|r VV 0p
|n 31
|p kup
|h 316.77 BYT
|w 001291495
|u 000060
|a 0
|e BOA001
|j MZK50
|s A
|